Statistics for Volcanic Hotspots on the World Map

Click here to take the quiz!

General Stats

  • This quiz has been taken 249 times
  • The average score is 13 of 61

Answers on the Map

Answers color-coded by a green-red scale on the quiz's map according to % correct below.
 

Answer Stats

Hotspot% Correct
Iceland
81%
Mount Etna
77%
Hawaii
68%
Tasmantid
66%
Yellowstone
63%
Cape Verde
62%
Bermuda
60%
Comoros
60%
Canary
57%
Galápagos
57%
Azores
53%
Hainan
53%
Réunion
49%
Easter
45%
Madeira
45%
St. Helena
43%
Tristan
33%
Jan Mayen
30%
Pitcairn
27%
Ascension
26%
Samoa
22%
Kerguelen
19%
Darfur
16%
Bouvet
15%
Eifel
12%
Fernando
11%
Erebus
10%
Maria/Southern Cook
10%
Marion
10%
Tibesti
9%
Heard
8%
Juan Fernández
8%
Lord Howe
8%
Crozet
7%
Afar
6%
Cameroon
6%
Macdonald
6%
Marquesas
6%
Guadalupe
5%
Hoggar
5%
Society
5%
Socorro
5%
Anahim
4%
Arago
4%
Balleny
4%
Bowie
4%
Caroline
4%
Cobb
4%
Crough
4%
East Australia
4%
Foundation
4%
Gough
4%
Great Meteor
4%
Louisville
4%
North Austral
4%
Raton
4%
San Felix
4%
Trindade
4%
Vema
4%
Discovery
3%
Shona
3%

Score Distribution

Percentile by Number Answered

Percent of People with Each Score

Your Score History

You have not taken this quiz